=LDR 00000nam 2200000 4500 =001 INLIS000000000008793 =005 20130612100623 =008 ***********************************Ind** =035 ##$$0010-061300000008793 =041 ##$$a Ind =082 ##$$a 658.4 =090 ##$$a 658.4, Ler e =100 ##$$a Lerinson, Hary =245 ##$$a Eksekutif, Hary Lavinson, Ynthia Lang, Penerjemah : Hamzah =260 ##$$a 1993 $b Jakarta =300 ##$$a xii,378 hlm, 25 cm =650 ##$$a manajemen Eksekutif =850 ##$$a NBPNMAT